| 000 | 01395cam a22003854a 4500 | ||
|---|---|---|---|
| 001 | 14347018 | ||
| 003 | OSt | ||
| 005 | 20240611150416.0 | ||
| 008 | 060420s2006 ne a b 001 0 eng | ||
| 010 | _a 2006044531 | ||
| 015 |
_aGBA629414 _2bnb |
||
| 016 | 7 |
_a013420317 _2Uk |
|
| 020 | _a9780444527943 | ||
| 020 | _a044452794X | ||
| 020 | _a9780444527936 (pbk.) | ||
| 020 | _a0444527931 (pbk.) | ||
| 035 | _a(OCoLC)ocm67728630 | ||
| 035 |
_a(OCoLC)67728630 _z(OCoLC)64742770 |
||
| 040 |
_aDLC _cmust _dBAKER _dUKM _dC#P _dOHX _dYUS _dBTCTA _dYDXCP _dDLC |
||
| 042 | _apcc | ||
| 050 | 0 | 0 |
_aQA43 _b.P68 2006 |
| 082 | 0 | 0 |
_a510.2 POT 2006 _222 |
| 100 | 1 |
_aPóta, György. _917056 |
|
| 245 | 1 | 0 |
_aMathematical problems for chemistry students / _cGyörgy Póta. |
| 250 | _a1st ed. | ||
| 260 |
_aAmsterdam ; _aBoston : _bElsevier, _c2006. |
||
| 300 |
_aviii, 250 p. : _bill. ; _c25 cm. |
||
| 504 | _aIncludes bibliographical references (p. [243]-246) and index. | ||
| 650 | 0 |
_aMathematics _vProblems, exercises, etc. _917057 |
|
| 650 | 0 |
_aChemistry _vProblems, exercises, etc. _917058 |
|
| 856 | 4 | 2 |
_3Publisher description _uhttp://www.loc.gov/catdir/enhancements/fy0634/2006044531-d.html |
| 906 |
_a7 _bcbc _corignew _d1 _eocip _f20 _gy-gencatlg |
||
| 942 |
_2ddc _cO_SHELF |
||
| 999 |
_c8388 _d8388 |
||